000 00693nam a2200229Ia 4500
001 14014
003 GE_BSU
008 181216s||||||||xx |||||||||||||| ||und||
040 _cGE_BSU
080 _a621.313.001(075.8)
100 _aПостников,И.Н.
245 _aПроектирование электрических машин.
245 _cРед. Г.Данильчук.
250 _aИзд. 2-е, перераб. и доп.
260 _aКиев.
260 _bГостоптехиздат.
260 _c1960.
300 _a910 стр. 22 см.
300 _eТабл.
653 _aПроектирование электрических машин.
942 _cBK
999 _c47156
_d47156